000 00486nam a22001937a 4500
003 MPLRDC
005 20220104201129.0
008 210129b ||||| |||| 00| 0 eng d
020 _a978-7-80620-447-4
082 _a947.419 WMM
100 _a王宛宛 MOMO
245 _a我兔斯基你
_c
250 _a初版一刷
260 _a中国
_b阳光出版社
_c2009
300 _b
520 _a上架 2017-05-16。
650 _a漫画--图文混合
942 _cBK
_o947.419 WMM
999 _c67022
_d67012